000 00555nam a22001937a 4500
005 20251108165443.0
008 250721s1989 xx 000 0 ara d
082 1 4 _a955.05/مها
100 1 _aمهابة، أحمد
245 1 0 _aإيران بين التاج و العمامة /
264 1 _aالقاهره :
_bدار الحرية،
_c1989.
300 _a538ص
490 0 _aكتاب الحرية ؛ 22
650 1 7 _aإيران
650 1 7 _aتاريخ إيران
650 1 7 _aالتاريخ الحديث
942 _2ddc
_cBK
999 _c28297
_d28297